000 00407 a2200157 4500
005 20251229112734.0
008 251229b |||||||| |||| 00| 0 eng d
020 _a9789352641062
082 _a712/BHA
100 _aBharucha e
_9216102
245 _aChanging Landscape: The Cultural Ecology Of India
260 _bHarper Collins
_c2017
_aUSA
300 _a350P
_bHB
500 _alandscapes
942 _cBK
999 _c369626
_d369626